O reino de Petzet (Registo nº 1189)

Detalhes MARC
000 -Etiqueta do registo
Cabeçalho 01042nam0a2200361 4500
005 - Identificador da versão
Campo de controlo 20240813121828.0
010 ## - Número internacional normalizado dos livros (ISBN)
Número (ISBN) 9789722339025
Número (ISBN) 978-972-23-3799-1
Número (ISBN) 978-972-23-3972-8
021 ## - Número do Depósito Legal
Código do país PT
Número 269589/08
Código do país PT
Número 269589/08
Código do país PT
Número 278058/08
100 ## - Dados gerais de processamento
Dados gerais de processamento 20151008d20072008a y0pory5003 ba
102 ## - Pais de publicação ou produção
País de publicação Portugal
101 0# - Língua de publicação
Língua do texto, banda sonora, etc. Português
215 ## - Descrição física 
Indicação específica da natureza do documento e extensão da espécie 3 v.
200 1# - Titulo e menção de responsabilidade
Título próprio O reino de Petzet
Primeira menção de responsabilidade Margarida Fonseca Santos
225 2# - Colecção 
Título próprio da colecção Estrela do mar
Indicação de volume 104, 111, 115
205 ## - Menção da edição
Menção da edição 1ª ed
210 ## - Publicação, Distribuição, etc. 
Lugar da edição, distribuição, etc. Barecarena
Nome do editor, distribuidor, etc. Presença
Data da publicação, distribuição, etc. 2007-2008
300 ## - Notas gerais 
Texto da nota Plano Nacional de Leitura
517 1# - Outras variantes do título
Variant Title <O >aprendiz de guerreiro
Variant Title <Um >passo em frente
Variant Title <O >combate final
606 ## - Nome comum usado como assunto
Número de registo de entrada de autoridade 0002112
Palavra de ordem Literatura portuguesa
Subdivisão de assunto Romances de aventuras
Código do sistema CA
675 ## - Classificação Decimal Universal (CDU)
Notação 821.134.3-311.3
Edição 3ª ed.
Língua da edição por
700 #1 - Nome de autor-pessoa física (responsabilidade principal)
Número de registo de entrada de autoridade 0001667
Palavra de ordem Santos
Outra parte do nome não tomada para palavra de ordem Margarida Fonseca
Datas 1960-
900 ## -
-- BIBNAC
-- 20091116
966 ## - Identificação da Biblioteca
Sigla EB2,3ENM
942 ## - Elementos de entrada adicionados (Koha)
Tipo de item no Koha Livro
Exemplares
Situação do levantamento Origin of item (home branch) (coded) Biblioteca de empréstimo Código de barras Cota Circulation type (not for loan) Tipo de documento Nota do exemplar Damaged status
  Biblioteca Escolar Eng. Nuno Mergulhão Biblioteca Escolar Eng. Nuno Mergulhão BENM2163 82LP-3 SAN PNL   Livro Sem mensagem  
  Biblioteca Escolar Eng. Nuno Mergulhão Biblioteca Escolar Eng. Nuno Mergulhão BENM2162 82LP-3 SAN PNL   Livro Sem mensagem  
  Biblioteca Escolar Eng. Nuno Mergulhão Biblioteca Escolar Eng. Nuno Mergulhão BENM2161 82LP-3 SAN PNL   Livro Sem mensagem